Statistics for Taylor Swift 18

Click here to take the quiz!

General Stats

  • This quiz has been taken 17 times
    (13 since last reset)
  • The average score is 269 of 349

Answer Stats

Answer% Correct
a
100%
and
100%
I
100%
I'm
100%
of
100%
on
100%
that
100%
the
100%
we
100%
you
100%
do
92%
ever
92%
I'll
92%
is
92%
it
92%
love
92%
time
92%
to
92%
your
92%
be
83%
had
83%
have
83%
last
83%
no
83%
one
83%
said
83%
so
83%
this
83%
we're
83%
what
83%
babe
75%
call
75%
can't
75%
could
75%
how
75%
its
75%
it's
75%
you're
75%
didn't
67%
down
67%
else
67%
got
67%
hate
67%
hear
67%
her
67%
made
67%
want
67%
admitted
58%
away
58%
because
58%
but
58%
lips
58%
neck
58%
never
58%
should
58%
unsee
58%
about
50%
break
50%
doesn't
50%
every
50%
here
50%
look
50%
promise
50%
since
50%
that's
50%
won't
50%
blew
42%
broke
42%
face
42%
getting
42%
keep
42%
picturing
42%
promises
42%
really
42%
shame
42%
through
42%
yeah
42%
ain't
33%
ball
33%
big
33%
consequence
33%
floor
33%
innocent
33%
kitchen
33%
mistake
33%
plans
33%
secret
33%
strange
33%
sweetest
33%
wreck
33%
wrecking
33%
pictures
25%
taking
25%
waste
25%

Score Distribution

Percentile by Number Answered

Percent of People with Each Score

Your Score History

You have not taken this quiz since the last reset